Voice of the customer : Capture and analysis

Đã lưu trong:
書目詳細資料
主要作者:  Yang, Kai
格式: Sách
語言:Undetermined
出版:  McGraw-Hill  2008
主題:
標簽: 添加標簽
沒有標簽, 成為第一個標記此記錄!
Thư viện lưu trữ: Trung tâm Thư viện - Trường Đại học Công nghiệp TP. Hồ Chí Minh
LEADER 00464nam a2200157Ia 4500
001 UIH_05414
008 231011s9999 xx 000 0 und d
082 |a  658.4 
100 |a  Yang, Kai 
245 0 |a  Voice of the customer : Capture and analysis 
245 0 |c  Yang, Kai 
260 |b  McGraw-Hill 
260 |c  2008 
650 |a  Quản lý;  
927 |a Sách 
980 |a Trung tâm Thư viện - Trường Đại học Công nghiệp TP. Hồ Chí Minh